| 000 | 00808nas a2200253Ia 4500 | ||
|---|---|---|---|
| 001 | R002/39383 | ||
| 003 | IT-RoPAU | ||
| 008 | 151124c99999999xx |||||||||||| ||und|| | ||
| 040 | _aIT-RoPAU | ||
| 040 | _cIT-RoPAU | ||
| 041 | _aITALIANO | ||
| 100 |
_aPaolella Roberto _gCodice Aut. SPICS: 2901 |
||
| 210 | _aBIANCO E NERO | ||
| 222 | _aBianco E Nero | ||
| 245 |
_aBIANCO E NERO, ANNO 17-N.04-APRILE 1956 _bAmbizioni E Vocazioni Nell'Opera di Frank Capra |
||
| 250 | _a1a ed. | ||
| 260 |
_aROMA _bATENEO _c1956 |
||
| 501 |
_bPaulus - SPICS - Società San Paolo EM (non-commercial uses only) _cCopyright2015 |
||
| 300 | _a22 p. [13-34] | ||
| 362 | _aANNO 017, N.04-APRILE 1956 | ||
| 500 | _aSaggio-Sul-Grande-Regista-E-Sua-Filmografia | ||
| 650 |
_aCINEMA _vPUBBLICAZIONE PERIODICA |
||
| 942 | _cCR | ||
| 999 |
_c138060 _d138060 |
||